An Adventure in Self - Expression / (Record no. 187035)

000 -LEADER
fixed length control field 00809 a2200169 4500
003 - CONTROL NUMBER IDENTIFIER
control field Nust
005 - DATE AND TIME OF LATEST TRANSACTION
control field 20230128135912.0
040 ## - CATALOGING SOURCE
Transcribing agency Nust
082 ## - DEWEY DECIMAL CLASSIFICATION NUMBER
Classification number 920,BRO
100 ## - MAIN ENTRY--PERSONAL NAME
Personal name Brohi.A K
9 (RLIN) 108010
245 ## - TITLE STATEMENT
Title An Adventure in Self - Expression /
Statement of responsibility, etc. A .k Brohi
260 ## - PUBLICATION, DISTRIBUTION, ETC.
Place of publication, distribution, etc. Karachi
Name of publisher, distributor, etc. Din Muhammadi Press
300 ## - PHYSICAL DESCRIPTION
Extent 445:p
505 ## - FORMATTED CONTENTS NOTE
Formatted contents note Musings under the starry sky (Page-3), Nature and purpose of philosophical studies (Page-23), Reflection on the mound of the dead (Page-61), Our knowledge of the external world (Page-99), The Idea as a historic force (Page-131), Cardinal principle of existential philosophy (Page-171), The goal of ethical endeavour (Page-191), Reverence (Page-207),Reading of some purpose (Page-221), Magic of the spoken word (Page-231).
650 ## - SUBJECT ADDED ENTRY--TOPICAL TERM
Topical term or geographic name entry element Biography
9 (RLIN) 461
942 ## - ADDED ENTRY ELEMENTS (KOHA)
Source of classification or shelving scheme
Koha item type Book
Holdings
Withdrawn status Lost status Source of classification or shelving scheme Damaged status Not for loan Permanent Location Current Location Shelving location Date acquired Full call number Barcode Date last seen Price effective from Koha item type Public note
          Military College of Signals (MCS) Military College of Signals (MCS) General Stacks 12/12/2016 920,BRO MCS29503 12/08/2016 12/12/2016 Book Almirah No.59, Shelf No.2
© 2023 Central Library, National University of Sciences and Technology. All Rights Reserved.